| 000 | 00796nam a22002417a 4500 | ||
|---|---|---|---|
| 999 |
_c4595 _d4595 |
||
| 003 | AR-CdUCM | ||
| 008 | 190311b ||||| |||| 00| 0 spa d | ||
| 040 |
_aMUNICIPALIDAD PROVINCIAL DEL CUSCO _cBIBLIOTECA MUNICIPAL DEL CUSCO |
||
| 041 | _hfre | ||
| 082 |
_a335.432 / _bL38 |
||
| 100 |
_aLefranc, Georges _914346 |
||
| 245 |
_aEl frente popular : _b(1934-1938) / |
||
| 260 |
_aBarcelona : _bOikos-Tau, _c1971. |
||
| 300 |
_a125 páginas ; _c18 cm. |
||
| 440 |
_aColección ¿qué sé? _n36 _914347 |
||
| 505 | _aContenido: Una gran conmoción -- Una gran esperanza -- El ímpetu roto. | ||
| 650 |
_aComunismo _9495 |
||
| 650 |
_aTácticas políticas _914348 |
||
| 650 |
_aUnidad sindical _914349 |
||
| 700 |
_aDomingo, Francesec (traducción) _914350 |
||
| 942 |
_2ddc _cLIBROS |
||
| 945 | _aachl | ||